000 00885nam a22002537a 4500
005 20100826122442.0
008 090109t xxu||||| |||| 00| 0urd d
010 _aUR-8001
020 _c150.00
_a978-93-80124-16-2
035 _aU-6556
037 _bDBAD/PUB
040 _aDPL
_burdu
082 _a841.8
100 _912785
_aر ؤ ف ا نو ر
245 _aمختصر مفید /
_b
_cر ؤ ف ا نو ر
246 _aMukhtasar Mufeed
_bby Raoof Anwer
260 _aحید ر آ با د
_c2009
_bا لنصا ر پبلی کیشنز
270 _bHyderabad
_k9391301192
_e500 059
300 _a110 ص
_c22 س م (Hb)
650 _912786
700 _954088
942 _2ddc
_cUR
_h841.8
_mر ؤ ف
999 _c71944
_d71944